[Event "WA Winter Classic"]
[Site "Chess.com"]
[Date "2020.12.27"]
[Round "5"]
[White "Guha, Eshan"]
[Black "Lenderman, Aleksandr"]
[Result "1/2-1/2"]
[WhiteElo "2129"]
[BlackElo "2704"]
[Annotator "Aleksandr Lenderman"]
[PlyCount "100"]
[EventDate "2020.??.??"]
[TimeControl "2700+5"]

{[%evp 0,100,19,29,74,38,36,-3,4,-3,1,-15,-16,-16,-15,-35,-36,-40,-29,-36,-26,
-25,-10,-20,-15,-37,-42,-2,18,-19,0,-5,17,1,40,33,45,12,37,26,34,21,34,30,34,
30,63,68,56,36,38,42,46,37,35,27,45,32,42,29,42,52,40,35,81,76,90,76,72,50,62,
66,79,73,84,74,85,35,51,45,53,16,18,28,27,33,24,36,38,29,52,47,48,39,43,38,22,
22,22,24,26,24,24]} 1. Nf3 {After having an excellent day 1 when everything
that can go well went well for me, I went into today very confident and felt
like today would be cruise control. Boy, was I wrong. Today's humbling day
just went to show how one should never let his guard down and how chess is a
very humbling and can be a very frustrating game. I thought this will be my
first time to win clear first in a WCF classical event, but once again, the
win escaped me :) It all started with the game against my student, Eshan Guha,
who after a tough first round loss to a lower rated, came back very strong,
winning his next 3 games and was gaining confidence. Again me, he chose to
play a new opening, and very quickly we reached uncharted territory in the
opening. That set for a very interesting battle, where my student never failed
to impress! :) I felt like I was just totally outplayed this game.} d6 {
I was hoping this would surprise him and it did.} 2. b3 $5 e5 3. d3 {Now this
is very unusual. I have never seen this setup with b3 and d3 before. I think
he was improvising here.} f5 4. e4 Nf6 5. Nbd2 Nc6 6. Bb2 Be7 7. g3 O-O 8. Bg2
Qe8 {Typical idea in Grandprix attack style. I thought I was already much
better here, but I probably overestimated my position.} 9. O-O {Here was
probably the first critical moment. The moves I considered here were fxe4, f4,
and Qh5. I probably didn't choose the right plan here.} fxe4 $6 (9... f4 {
I was thinking of playing f4 but I wasn't sure what to do against d4. However,
I am probably better here with} 10. d4 exd4 11. Nxd4 Nxd4 12. Bxd4 Ng4 $15) (
9... Qh5 {Immediately was another idea, but I didn't like him playing Nh4 here.
} 10. Nh4) 10. dxe4 Qh5 {Here I thought I was comfortably better, but now he
started playing phenominal chess.} 11. Ne1 $1 {I only expected} (11. Nh4 Ng4 {
Here I would be better.} 12. h3 Bxh4 13. hxg4 Bxg4 14. f3 Bxg3 {Is the point.})
11... Qh6 (11... Bg4 12. f3 Be6 13. Nd3 {Felt like solid for him.}) 12. Nc4 Be6
13. Ne3 Rae8 14. Bc1 Qg6 15. f3 Bd8 16. c3 Bc8 17. Nd3 h5 18. Kh1 Qh7 $6 {
This was probably a mistake, since I allowed h4, a move I underestimated. Then,
he gets control of the g5 square and I am not in time in getting in g5.} (18...
h4 19. g4 {Here I wanted the queen on h7 to play h3. I couldn't find how to
continue here however.} Nh7 20. Nf5 h3 $5 21. Bxh3 Ng5 {I guess it deserved
attention to sac the pawn to get control of the dark squares.}) 19. h4 Kh8 20.
Nf2 $1 {The knight is heading to g5.} Ng8 21. Nh3 Qg6 22. Kh2 Nh6 23. Nd5 Ne7
24. Nxe7 Bxe7 25. Be3 a6 26. Qd2 Nf7 27. Rh1 Rg8 28. Raf1 Ref8 29. Ng5 {
White is all of a sudden much better here. My bishop on e7 isn't great.} Nh6
30. Bh3 Bxh3 31. Kxh3 Rf6 32. Kg2 Rgf8 {Here my opponent started to play
solidly for a draw. However, he can definitely try to make progress on the
queenside with a plan like c4 and b4.} 33. Rf2 (33. c4 $16) 33... Bd8 34. Kf1
c6 35. Kg2 Be7 36. Rff1 $6 (36. c4) 36... Bd8 $6 {Missing my best chance in
the game.} (36... d5 37. exd5 Rd8 38. Ne4 Nf5 $1 39. Qe1 Rxd5 $5 40. Nxf6 Rd3
$44) (36... Rd8 37. Rf2 d5 38. Qc2 Kg8 {Is still fine for white but would
definitely improve my position compared to before.}) 37. Rf2 Kg8 38. Rff1 Nf7
39. Rf2 Nxg5 (39... d5) 40. Bxg5 R6f7 41. Rd1 Rd7 42. c4 Bb6 43. Be3 Bxe3 44.
Qxe3 Rf6 45. Rfd2 Rdf7 $2 46. Rf2 $6 (46. Qg5 $1 Qxg5 47. hxg5 Rxf3 48. g6 R7f6
49. Rxd6 {gave white good winning chances unexpectedly.}) 46... Rf8 47. Rd3 Kh7
48. Rd1 Qf7 49. Rd3 Qg6 50. Rd1 Qf7 {Game drawn by agreement. At this point I
didn't see how I can try to make progress here without overpressing and given
the tournament standings I didn't want to go crazy. Little did I know, that
some bad news awaited me later in the event :(} 1/2-1/2

[Event "WA Winter Classic"]
[Site "Chess.com"]
[Date "2020.12.27"]
[Round "6"]
[White "Lenderman, Aleksandr"]
[Black "Chang, Eddie"]
[Result "1-0"]
[WhiteElo "2704"]
[BlackElo "1887"]
[Annotator "Aleksandr Lenderman"]
[PlyCount "63"]
[EventDate "2020.??.??"]
[TimeControl "2700+5"]

{[%evp 0,63,29,34,24,-16,34,-16,-16,-16,2,-49,-59,-31,-10,-35,-28,-28,-34,-75,
-53,-48,-26,-30,-2,0,5,-30,-39,-19,-2,0,33,65,54,-23,25,36,87,57,51,27,93,93,
112,112,123,112,112,112,112,111,147,145,203,203,218,166,166,187,354,368,754,
761,770,789]} 1. d4 {In this game I am playing against a talented and creative
young player, Eddie Chang, who is coming off a big win in a PNWCC U2200 event.
I have seen him do well against higher rateds before, so I knew he would be
dangerous. Thankfully I played well against him.} d5 2. c4 dxc4 3. e4 e5 4. Nf3
exd4 5. Bxc4 Nc6 6. O-O Be6 {My opponent surprised me with a sharp line in the
queens gambit accepted.} 7. Bxe6 (7. Bb5 {Is also a main line.}) 7... fxe6 8.
Qb3 Qd7 9. Qxb7 Rb8 10. Qa6 Bd6 11. Nbd2 e5 12. a3 Nf6 {I didn't know this
line well, so I probably played inaccurately here.} 13. Qd3 (13. b4 O-O 14. Ne1
{It is better for the knight to be on d3 rather than the queen (rule 101) :)})
13... O-O 14. b4 Nd8 (14... Ne7 15. Nc4 Ng6 {I thought this was more natural.})
15. Nc4 Qe6 $6 {This was inaccurate however. Too creative, simple Nf7 was
better.} (15... Nf7) 16. Ng5 Qe7 17. Bd2 $6 (17. f4 {I calculated this, but
today was just not my day, I wasn't seeing things great today unlike yesterday.
} exf4 18. e5 Bxe5 19. Re1 Nc6 {I sort of stopped here, but of course BXf4
just wins here.} 20. Bxf4 $18) 17... Ne6 18. Rac1 Nh5 19. Nxe6 $6 (19. Nxd6
cxd6 20. Qb3 {Was better.}) 19... Qxe6 20. Nxd6 Qxd6 $2 {This was a mistake.
cxd6 was more natural.} (20... cxd6 21. Qc4 {My idea was to go for this
endgame, but it's probably close to a draw after} Nf4 22. Bxf4 Qxc4 23. Rxc4
Rxf4 24. f3 g5) 21. Rc5 Rf7 22. Rfc1 Qf6 23. f3 Nf4 24. Bxf4 Qxf4 25. Rxc7 Rd8
26. R1c5 $2 {Inaccurate.} (26. Qb3 Rdf8 27. R1c5 $18 {Was total domination.})
26... Qe3+ $2 {This just transposes into a lost endgame.} (26... Rxc7 27. Rxc7
h5 {Amazingly enough, here it is very hard for white to actually make progress.
For example,} 28. g3 Qg5 29. Rxa7 Rc8 $132) 27. Qxe3 dxe3 {Of course not} 28.
Kf1 (28. Rxf7 $4 Rd1#) 28... Rxc7 29. Rxc7 a5 30. bxa5 Rd3 31. a6 Rxa3 32. a7 {
AlexanderL won by resignation. Black resigned because of Rc8+ coming. I was
happy to win here and still maintain a full point lead over my 2 nearest
competitors. But then came the nightmare round 7 :(} 1-0

[Event "WA Winter Classic"]
[Site "Chess.com"]
[Date "2020.12.27"]
[Round "7"]
[White "Lenderman, Aleksandr"]
[Black "Shahinyan, David"]
[Result "0-1"]
[WhiteElo "2704"]
[BlackElo "2580"]
[Annotator "Aleksandr Lenderman"]
[PlyCount "132"]
[EventDate "2020.??.??"]
[TimeControl "2700+5"]

{[%evp 0,132,34,34,32,-11,8,43,43,43,35,35,34,50,52,54,77,81,71,66,93,62,60,56,
109,95,161,158,153,149,149,138,147,93,148,150,159,161,162,142,142,141,151,141,
224,235,235,235,199,174,174,217,478,272,272,211,333,0,0,0,0,0,0,0,0,0,0,24,20,
25,20,30,17,12,10,10,12,0,0,0,10,0,0,-67,0,0,-43,-50,-47,-54,-92,-101,-84,-104,
-115,-109,-115,-115,-115,-107,-131,-123,-77,-154,-155,-141,-124,-124,-123,-192,
-120,-173,-167,-199,-163,-163,-105,-312,-312,-346,-139,-158,-78,-106,-125,-130,
-123,-130,-150,-332,-403,-413,-425,-490,-516]} 1. d4 {In this game I am
playing IM David Shahinyan who after a tough first day where he lost two games,
was making a comeback today with two wins. I knew that most likely just a draw
would be good enough for me to win the event. Therefore, I played the most
theoretical line. However, my opponent to his credit played a rare sideline
where he guaranteed a sharp fight.} Nf6 2. c4 c5 3. d5 g6 4. Nc3 Bg7 5. e4 d6
6. h3 O-O 7. Nf3 e6 8. Bd3 {This was all expected. However, now he put in a
wrinkle, something I have never seen before. My Armenian friend then told me
that Aronian has played this before. Not a surprise that my opponent knew
about this.} Nbd7 (8... exd5 {I was hoping for this main line in the Benoni} 9.
cxd5 b5 10. Bxb5 Nxe4 11. Nxe4 Qa5+ 12. Nfd2 Qxb5 13. Nxd6 Qa6 14. N2c4 Nd7 15.
O-O Ne5 16. Nxc8 Raxc8 17. Nxe5 Bxe5 18. Re1 {Where white practically has no
risk of losing.}) 9. O-O (9. dxe6 {I was considering this, but I thought if I
don't win d6 quickly, in the long run, I abandon dark squares.} fxe6 10. O-O
Ne8 11. Bg5 $14) 9... e5 {Now he keeps pieces on the board and the game
becomes sharp.} 10. Bg5 {The idea of this is to induce h6 and so that f5 will
potentially weaken g6. However, my opponent used this to his advantage by
playing with Nh7, which I never saw before.} h6 11. Be3 Nh7 (11... Nh5 12. g3)
12. Qd2 f5 {Here he was still playing very quickly, which told me he's
probably still in prep.} 13. Bxh6 $6 {I thought this is the safe way to play,
given that I thought I can lock up the game and not risk losing too much.
However, I should've just tried to forget about the result and play what I
think is the most principled even if I wasn't sure.} (13. exf5 $1 gxf5 14. Bxh6
e4 15. Nxe4 fxe4 16. Bxe4 Ndf6 17. Bg6 $16 {And here white is better with 3
pawns for a piece because white's pieces are active and black has a bad king.})
13... f4 14. Bxg7 Kxg7 15. Be2 Rh8 16. Qd1 Ndf6 17. a3 Bd7 $6 (17... g5 $1 {
Was best. We both assumed Nh2 is fine here, but in fact g4 just crashes
through. I really misjudged this position somehow.} 18. Nh2 g4 19. Nxg4 Ng5 20.
Nxf6 Qxf6 21. Bg4 f3) 18. b4 b6 19. bxc5 bxc5 20. Rb1 Qc8 21. Re1 Bxh3 $5 {
Objectively maybe not sound but the only way to cause a mess.} 22. gxh3 Qxh3
23. Bf1 Qh5 24. Rb7+ Kg8 25. Bg2 {Here I really thought I was out of danger
and thought I'll win the game. However, somehow I misjudged some dynamics and
missed some tricky lines from his opponent and the game became messy.} Ng4 26.
Qe2 $6 {I thought this was the most natural but I could've already moved
towards decisive actions with} (26. Nb5 Ng5 27. Nc7 Rc8 28. Nxg5 Qxg5 29. Ne6)
26... Ng5 27. Reb1 $2 {And this is a mistake based on a miscalculation.} (27.
Nxg5 Qxg5 28. Rd1 (28. Nb1 {Is also winning bringing the knight to f3.}) 28...
Nh2 29. Rd3 {Was missing for me.} (29. f3 Rh3 30. Rd3)) 27... Nh2 $1 {Only
here I suddenly to my horror realized that Nxg5 Qxg5 f3 which I planned is met
by} 28. Nxh2 (28. Nxg5 Qxg5 29. f3 (29. Rb8+ Kg7 30. R1b7+ $2 {Is even worse
because of} Kf6 31. Rxa8 f3 $1) 29... Rh3 $3 {And suddenly it is very tricky
for me.}) 28... Qxh2+ 29. Kf1 f3 $1 {And now black is fully back in the game.}
30. Bxf3 Rf8 31. Rb8 Qh3+ 32. Bg2 Qxc3 33. R8b3 Qa5 {I thought I was sort of
out of danger here. However, he managed to create problems to me here and
played the rest of the game incredibly well.} 34. Qe3 Rh5 35. Rb8 Qa6 36. Rxf8+
Kxf8 37. Qb3 {Objectively this was ok but Bf3 probably forced the desired draw.
} (37. Bf3 Qxc4+ (37... Nxf3 38. Qxf3+ Kg7 39. Rb8 Qxc4+ 40. Kg2 Rg5+ 41. Kh2 {
Black has to repeat here.}) 38. Be2) 37... Nf7 $1 {As it's well known,
backward knight moves are often missed, and I definitely missed this move. I
thought queens are definitely coming off the board. However, after Nf7 I was
starting to really worry about this game for the first time in this game.
Position was equal but harder for me to play :(} 38. Qc3 $6 (38. Bh3 Kg7 39.
Kg2 {I should've stopped the queen from going to c8.} Qa5 40. Qe3 {I'm able to
keep his queen at bay here.}) 38... Kg7 39. Rb5 Rh4 40. Kg1 Qc8 $1 41. Qe3 Kf6
$3 {Ng5 is now coming and I cannot stop it.} 42. Qf3+ Rf4 43. Qg3 Ng5 44. f3
Qa6 45. Qh2 Kg7 46. Qg3 Nf7 47. Qe1 Qxa3 {Now it is just lost for me.} 48. Ra5
Qd3 49. Rxa7 Qxc4 50. Qe3 Qb4 51. Bf1 Kf6 52. Ra8 Qb1 53. Kg2 Qb2+ 54. Kg1 Qb7
55. Rg8 Qb1 56. Kf2 Qb2+ 57. Be2 Ng5 58. Rf8+ Ke7 59. Rxf4 exf4 60. Qd3 Qd4+
61. Qxd4 cxd4 62. Kg2 Nf7 63. Kh3 Ne5 64. Kh4 Kf6 65. Kh3 d3 66. Bd1 Nc4 {
Shahinyan_ChessMood won by resignation. Perfect technique for him. Ever since
Nh2 he played very well, and took maximum advantages of all his chances.
Painful and frustrating game for me. What to do though :)} 0-1

[Event "WA Winter Classic"]
[Site "Chess.com"]
[Date "2020.12.27"]
[Round "8"]
[White "Luo, Ethan"]
[Black "Lenderman, Aleksandr"]
[Result "0-1"]
[WhiteElo "1469"]
[BlackElo "2704"]
[Annotator "Aleksandr Lenderman"]
[PlyCount "72"]
[EventDate "2020.??.??"]
[TimeControl "2700+5"]

{[%evp 0,72,34,23,71,71,91,75,77,75,75,89,89,89,105,81,70,58,190,122,123,78,67,
23,23,23,64,-27,-33,-36,-30,-57,-22,-40,11,-1,79,-56,-62,-91,-33,-77,-62,-155,
-151,-152,-140,-133,-160,-140,-167,-193,-200,-162,-180,-172,-188,-233,-237,
-227,-229,-237,-243,-292,-305,-305,-255,-329,-347,-354,-378,-491,-545,-952,
-823] In the last round I was playing a player about 1500 but very under-rated
as I saw he beat some higher rated players in this tournament. I just wanted
to finish the tournament on a good note and at least salvage a share first.} 1.
e4 d6 2. d4 Nf6 3. Nc3 e5 4. dxe5 dxe5 5. Qxd8+ Kxd8 6. Nf3 Bd6 7. Bc4 Ke7 8.
Bg5 c6 (8... Nbd7 9. Nd5+ Kf8 {might be more accurate.}) 9. O-O-O Bc7 10. h3 (
10. Nh4 {Was probably better to create some problems for me.}) 10... Nbd7 11.
Be3 b5 12. Bb3 a5 (12... b4 {I was thinking about this here but I was worried
that the e4 pawn was poisioned.} 13. Na4 Nxe4 14. Rhe1 Re8 15. Ng5 Nxg5 16.
Bxg5+ f6 17. Bd2 a5 18. Be3 {with good compensation.}) 13. a4 (13. a3 {was
safer}) 13... b4 14. Ne2 Nxe4 15. Ng5 Nxg5 16. Bxg5+ f6 (16... Nf6 {was more
accurate.}) 17. Be3 Bb6 $4 {As soon as I played it, my heart almost stopped :)
What a blunder! Reminded me of the game I lost to the 1500 Shapiro in July due
to a huge blunder. Thankfully, my opponent played fast and missed the simple
tactic.} 18. Bxb6 $4 (18. Rxd7+ Bxd7 19. Bxb6 Be6 {I would play this and hope
for the best. Of course, I should be lost :)}) 18... Nxb6 19. Ng3 c5 20. Bd5
Ra7 21. b3 Rc7 22. f4 Nxd5 23. Rxd5 Be6 24. Rd2 exf4 25. Nh5 g5 26. Re1 Kf7 27.
Rd6 Re8 28. Ng7 Kxg7 29. Rexe6 Rxe6 30. Rxe6 c4 31. Kb2 c3+ 32. Kc1 Rc5 33. Kd1
Rd5+ 34. Ke1 Re5+ 35. Rxe5 fxe5 36. Ke2 e4 {AlexanderL won by resignation. A
good result in the last game but some ugly games for me on the last day. At
least I salvaged a share of 1st-3rd which wasn't terrible.} 0-1